Frutos de Justicia (Registro nro. 52405)
[ vista simple ]
| 000 -LÍDER | |
|---|---|
| Campo fijo de descripción fija | 01293aab a2200193 i 4500 |
| 001 - NÚMERO DE CONTROL | |
| Campo de control | 768714001 |
| 003 - IDENTIFICADOR DEL NÚMERO DE CONTROL | |
| Campo de control | CO-MdFUSB |
| 005 - FECHA Y HORA DE LA ULTIMA TRANSACCIÓN | |
| control field | 20240423073930.0 |
| 008 - ELEMENTOS DE LONGITUD FIJA -- INFORMACIÓN GENERAL | |
| Campo fijo de descripción fija -- Información general | 220824t1999 ck ||||| |||| 00| 0 spa d |
| 040 ## - FUENTE DE CATALOGACIÓN | |
| Idioma de catalogación | spa |
| Agencia que realiza la transcripción | CO-MdFUSB |
| Agencia que realiza la modificación | CO-MdFUSB |
| 041 ## - CÓDIGO DE IDIOMA | |
| Código de idioma para texto/pista de sonido o título separado | spa |
| 100 1# - ASIENTO PRINCIPAL--NOMBRE PERSONAL | |
| Nombre personal | Peralta, Antonio |
| Término relacionador | autor |
| 245 ## - TÍTULO | |
| Título | Frutos de Justicia |
| Mención de responsabilidad | / Antonio Peralta |
| 300 ## - DESCRIPCIÓN FÍSICA | |
| Extensión | Volumen 18, número 3 (julio - septiembre, 1999), páginas: 18 - 19 |
| Dimensiones | ; 27 cm |
| 520 ## - NOTA DE RESUMEN, ETC. | |
| Nota de sumario, etc. | Las Escrituras emplean el término "fruto" para referirse a los efectos, consecuencias o resultados de una vida unida a Cristo, en la que él vive y tiene prioridad. Estos efectos o frutos son muy diversos y, así cómo Jesús lo prometió, se están dando en las vidas y a través de sus discípulos, incluso, en los duros campos musulmanes.<br/>Tres formas en las que se está produciendo fruto:<br/>1. Mediante nuestra presencia aquí como recipientes del Espíritu Santo.<br/>2. Mediante nuestros hechos, las buenas obras que tanto reclama de nosotros la Palabra de Dios.<br/>3. Mediante nuestras palabras.<br/>Un fruto de estos intercambios verbales es la comprensión de nuevas verdades. |
| 650 #0 - ASIENTO SECUNDARIO DE MATERIA - TERMINO TEMÁTICO | |
| 9 (RLIN) | 50 |
| Término temático o nombre geográfico como elemento de entrada | Espíritu Santo |
| 773 ## - ASIENTO DE ITEM FUENTE | |
| Biblionumber | 49402 |
| Itemnumber | 59631 |
| Parte(s) relacionada(s) / Volumen., número. (mes año), páginas | Volumen 18, número 3 (julio - septiembre, 1999), páginas: 18 - 19 |
| Enumeración y primera página | página: 18 |
| 942 ## - TIPO DE MATERIAL (KOHA) | |
| Tipo de Item KOHA | Artículos de Revista |
No hay ítems disponibles.
